[Event "Forza Sicilian!"]
[Site "SchemingMind.com"]
[Date "2012.08.07"]
[Round "-"]
[White "kubinet"]
[Black "condoritorey"]
[Result "0-1"]
[WhiteCountry "GER"]
[BlackCountry "CHI"]
[WhiteElo "1652"]
[WhiteRD "55"]
[BlackElo "2188"]
[BlackRD "170"]
[GameID "315438"]

1. e4 c5 2. Nf3 d6 3. d4 cxd4 4. Nxd4 Nf6 5. Nc3 a6 6. Be3 e5 7. Nf3 Be6 8. Ng5 Bg4 9. Nf3 Nc6 10. Be2 Be7
11. O-O O-O 12. Qd2 Rc8 13. h3 Bh5 14. a3 b5 15. Rfd1 Bg6 16. Bd3 Na5 17. Nh4 Nc4 18. Bxc4 Rxc4 19. Nxg6 hxg6 20. f3 Qc7
21. Rac1 Rc8 22. Qf2 Qb7 23. Nd5 Nxd5 24. Rxd5 a5 25. Qd2 b4 26. Rxa5 bxa3 27. bxa3 Qb2 28. c3 Rb8 29. Qxb2 Rxb2 30. Ra8+ Kh7
31. Ra7 Bh4 32. Rxf7 Ra4 33. Rd7 Rxa3 34. Rxd6 Raa2 35. c4 Rxg2+ 36. Kf1 Rh2 37. c5 Bg5 38. Bxg5 Rh1#
0-1

[Event "Forza Sicilian!"]
[Site "SchemingMind.com"]
[Date "2012.08.07"]
[Round "-"]
[White "condoritorey"]
[Black "kubinet"]
[Result "1-0"]
[WhiteCountry "CHI"]
[BlackCountry "GER"]
[WhiteElo "2188"]
[WhiteRD "170"]
[BlackElo "1652"]
[BlackRD "55"]
[GameID "315439"]

1. e4 c5 2. Nf3 d6 3. d4 cxd4 4. Nxd4 Nf6 5. Nc3 a6 6. h3 e5 7. Nb3 Be7 8. g4 h6 9. Be3 O-O 10. Rg1 Nh7
11. Qd2 Be6 12. O-O-O b5 13. f4 exf4 14. Bxf4 Nc6 15. Bd3 Ng5 16. Qg2 Nh7 17. Kb1 Rc8 18. Qd2 Bg5 19. Bxg5 Nxg5 20. Qg2 Ne5
21. Nd4 g6 22. Nf5 gxf5 23. gxf5 Bc4 24. h4 f6 25. hxg5 hxg5 26. Bxc4+ Nxc4 27. Rh1 Kg7 28. Nd5 Rh8 29. Rxh8 Qxh8 30. Rh1 Qg8
31. Ne7 Qe8 32. Nxc8 Qxc8 33. Qh2 Qg8 34. b3 Ne5 35. Qh6+ Kf7 36. Qh5+ Ke7 37. Qe2 g4 38. Qe3 Qb8 39. Rh7+ Nf7 40. Qg1 Qg8
41. Qa7+ Ke8 42. Qb8+ Nd8 43. Ra7 g3 44. Qxd6
1-0

[Event "Forza Sicilian!"]
[Site "SchemingMind.com"]
[Date "2012.08.03"]
[Round "-"]
[White "kenneth m day"]
[Black "kubinet"]
[Result "1-0"]
[WhiteCountry "USA"]
[BlackCountry "GER"]
[WhiteElo "1754"]
[WhiteRD "54"]
[BlackElo "1652"]
[BlackRD "55"]
[GameID "315446"]

1. e4 c5 2. Nf3 d6 3. d4 cxd4 4. Nxd4 Nf6 5. Nc3 a6 6. f3 g6 7. Be3 Bg7 8. Qd2 O-O 9. O-O-O Nc6 10. g4 Nd7
11. Nb3 b5 12. h4 Nce5 13. Bg2 Bb7 14. Qf2 Nc4 15. Bf4 Rc8 16. h5 b4 17. Na4 Bc6 18. Nac5 Bxb2+ 19. Kb1 dxc5 20. Nxc5 Bc3
21. hxg6 Qa5 22. Nxd7 Bxd7 23. Rxd7 Na3+ 24. Kc1 Nc4 25. Kd1 Qxa2 26. Bc1 Rcd8 27. gxf7+ Kg7 28. Rxh7+ Kxh7 29. Qh4+ Kg7 30. Qg5+
1-0

[Event "Forza Sicilian!"]
[Site "SchemingMind.com"]
[Date "2012.08.07"]
[Round "-"]
[White "kenneth m day"]
[Black "condoritorey"]
[Result "0-1"]
[WhiteCountry "USA"]
[BlackCountry "CHI"]
[WhiteElo "1775"]
[WhiteRD "51"]
[BlackElo "2089"]
[BlackRD "211"]
[GameID "315447"]

1. e4 c5 2. Nf3 d6 3. d4 cxd4 4. Nxd4 Nf6 5. Nc3 a6 6. f3 Qb6 7. Nb3 Nc6 8. Qe2 g6 9. Be3 Qc7 10. O-O-O Bg7
11. g4 b5 12. g5 Nd7 13. f4 Bb7 14. h4 Na5 15. Nd4 Nc4 16. Bf2 Rc8 17. Bh3 Nxb2 18. Kxb2 Qxc3+ 19. Kb1 Rc4 20. Rd3 Rb4+
21. Kc1 Qa1+ 22. Kd2 Qxh1 23. Kc3 Rc4+ 24. Kd2 Nc5 25. Rf3 Nxe4+
0-1

[Event "Forza Sicilian!"]
[Site "SchemingMind.com"]
[Date "2012.08.03"]
[Round "-"]
[White "kubinet"]
[Black "kenneth m day"]
[Result "0-1"]
[WhiteCountry "GER"]
[BlackCountry "USA"]
[WhiteElo "1454"]
[WhiteRD "44"]
[BlackElo "1752"]
[BlackRD "52"]
[GameID "315448"]

1. e4 c5 2. Nf3 d6 3. d4 cxd4 4. Nxd4 Nf6 5. Nc3 a6 6. Be3 Ng4 7. Bg5 h6 8. Bh4 g5 9. Bg3 Bg7 10. Bc4 Qb6
11. Nb3 O-O 12. Qd2 Nc6 13. O-O Nce5 14. Be2 Bd7 15. Nd5 Qd8 16. h3 Nf6 17. f3 Nh5 18. Bh2 e6 19. Ne3 Rc8 20. c3 Bc6
21. Nd4 Be8 22. Rad1 Nc6 23. Nxc6 Rxc6 24. Bxd6 Nf4 25. Bxf8 Qxd2 26. Rxd2 Bxf8 27. Kh2 Bc5 28. Ng4 Kg7 29. g3 Nxe2 30. Rxe2 Rd6
31. Ne3 Bb5 32. c4 Bc6 33. Ng4 Rd4 34. Ne5 Be8 35. b3 f6 36. Ng4 h5 37. Ne3 Rd3 38. Ng2 Bg6 39. Ne1 Rd1 40. Kg2 Be8
41. Nc2 Rd3 42. Rb1 Bc6 43. Ne1 Rd6 44. Rbb2 Bb4 45. Nd3 Rxd3 46. Kf2 Kf7 47. Re3 Bc5 48. Re2 Bxe3+ 49. Rxe3 Rxe3 50. Kxe3 Ke7
51. Kd4 f5 52. g4 hxg4 53. hxg4 fxg4 54. fxg4 Kf6 55. e5+ Ke7 56. a4 Bf3 57. c5 Bxg4 58. a5 Bd1 59. b4 Kd7
0-1

[Event "Forza Sicilian!"]
[Site "SchemingMind.com"]
[Date "2012.08.07"]
[Round "-"]
[White "condoritorey"]
[Black "kenneth m day"]
[Result "1-0"]
[WhiteCountry "CHI"]
[BlackCountry "USA"]
[WhiteElo "2089"]
[WhiteRD "211"]
[BlackElo "1775"]
[BlackRD "51"]
[GameID "315449"]

1. e4 c5 2. Nf3 d6 3. d4 cxd4 4. Nxd4 Nf6 5. Nc3 a6 6. Bg5 e6 7. f4 Qc7 8. Qf3 Be7 9. O-O-O O-O 10. g4 b5
11. Bxf6 Bxf6 12. g5 Be7 13. Bd3 Bb7 14. Rhg1 Nd7 15. Qh5 f6 16. Nxe6 Qa5 17. e5 f5 18. Nxf8 Rxf8 19. Rg3 dxe5 20. Rh3 Rf7
21. Qxh7+
1-0

[Event "Forza Sicilian!"]
[Site "SchemingMind.com"]
[Date "2012.08.10"]
[Round "-"]
[White "Shanks"]
[Black "kenneth m day"]
[Result "0-1"]
[WhiteCountry "ENG"]
[BlackCountry "USA"]
[WhiteElo "1311"]
[WhiteRD "62"]
[BlackElo "1721"]
[BlackRD "52"]
[GameID "315612"]

1. e4 c5 2. Nf3 d6 3. d4 cxd4 4. Nxd4 Nf6 5. Nc3 a6 6. h3 g6 7. Be3 Bg7 8. Nf3 b5 9. a3 O-O 10. Bd3 Bb7
11. O-O Nbd7 12. Qd2 Rc8 13. Bh6 Re8 14. Bxg7 Kxg7 15. b4 Qc7 16. Rac1 Qxc3 17. Qxc3 Rxc3 18. Rfe1 Rxa3 19. c3 Rc8 20. e5 Nxe5
21. Nxe5 dxe5 22. f3 Raxc3 23. Rxc3 Rxc3 24. Be2 Nd5 25. Bf1 f6 26. Kh1 Nxb4 27. Kh2 a5 28. Bxb5 Bc6 29. Bf1 a4 30. h4 a3
31. Rd1 a2 32. g4 Bxf3 33. g5 Bxd1
0-1

[Event "Forza Sicilian!"]
[Site "SchemingMind.com"]
[Date "2012.08.10"]
[Round "-"]
[White "Shanks"]
[Black "kubinet"]
[Result "0-1"]
[WhiteCountry "ENG"]
[BlackCountry "GER"]
[WhiteElo "1335"]
[WhiteRD "69"]
[BlackElo "1454"]
[BlackRD "44"]
[GameID "315613"]

1. e4 c5 2. Nf3 d6 3. d4 cxd4 4. Nxd4 Nf6 5. Nc3 a6 6. Be3 e5 7. Nf3 Be7 8. Bd3 b5 9. b4 Be6 10. a3 Nc6
11. Qd2 O-O 12. O-O Rc8 13. Ng5 d5 14. Nxe6 fxe6 15. exd5 exd5 16. Bc5 Bxc5 17. bxc5 e4 18. Be2 Ne5 19. Qd4 Nc6 20. Qd1 d4
21. Na2 Ne5 22. Nb4 a5 23. Na2 Rxc5 24. Nc1 Qd5 25. Re1 Nc4 26. Bxc4 bxc4 27. a4 d3 28. cxd3 exd3 29. Rf1 Rd8 30. Na2 c3
31. Nxc3 Rxc3 32. Rc1 Rdc8 33. Rxc3 Rxc3 34. Qb1 h6 35. Qb8+ Kh7 36. Qb1 Ra3 37. Qd1 Qd4 38. Kh1 Rxa4 39. Qd2 Ne4 40. Qe3 Qxe3
41. fxe3 d2 42. Rd1 Rc4 43. Kg1 Rc1 44. Rf1 Rxf1+ 45. Kxf1 d1=Q#
0-1

[Event "Forza Sicilian!"]
[Site "SchemingMind.com"]
[Date "2012.08.10"]
[Round "-"]
[White "Shanks"]
[Black "condoritorey"]
[Result "0-1"]
[WhiteCountry "ENG"]
[BlackCountry "CHI"]
[WhiteElo "1311"]
[WhiteRD "62"]
[BlackElo "2168"]
[BlackRD "176"]
[GameID "315614"]

1. e4 c5 2. Nf3 d6 3. d4 cxd4 4. Nxd4 Nf6 5. Nc3 a6 6. Be3 e5 7. Nb3 Be6 8. Qd2 Be7 9. Bd3 Nbd7 10. O-O-O b5
11. a3 Qc7 12. Na2 Bxb3 13. Kb1 Be6 14. f4 Rc8 15. f5 Bxa2+ 16. Kxa2 Nc5 17. Bxc5 Qxc5 18. Kb1 O-O 19. h4 d5 20. exd5 Nxd5
21. g3 b4 22. axb4 Nxb4 23. c4 Nxd3 24. Qxd3 Qxc4 25. Qxc4 Rxc4 26. h5 h6 27. Rdg1 Rb8 28. g4 Rcb4 29. Rg2 a5 30. g5 Bxg5
31. Re2 Bf6 32. Re3 Rxb2+ 33. Ka1 e4 34. Rxe4 Rh2+
0-1

[Event "Forza Sicilian!"]
[Site "SchemingMind.com"]
[Date "2012.08.10"]
[Round "-"]
[White "kenneth m day"]
[Black "Shanks"]
[Result "1-0"]
[WhiteCountry "USA"]
[BlackCountry "ENG"]
[WhiteElo "1721"]
[WhiteRD "52"]
[BlackElo "1311"]
[BlackRD "62"]
[GameID "315615"]

1. e4 c5 2. Nf3 d6 3. d4 cxd4 4. Nxd4 Nf6 5. Nc3 a6 6. f3 e6 7. Be3 Nbd7 8. Qd2 h6 9. g4 g5 10. h4 Bg7
11. hxg5 hxg5 12. Rxh8+ Bxh8 13. Bxg5 Qc7 14. O-O-O Nh7 15. Bh6 e5 16. Nd5 exd4 17. Nxc7+ Ke7 18. Nxa8 b5 19. Nc7 Be5 20. Nd5+ Ke8
21. Qa5 f6 22. Qc7 Ng5 23. Qxc8+ Kf7 24. Qxd7+ Kg6 25. Qg7#
1-0

[Event "Forza Sicilian!"]
[Site "SchemingMind.com"]
[Date "2012.08.10"]
[Round "-"]
[White "kubinet"]
[Black "Shanks"]
[Result "0-1"]
[WhiteCountry "GER"]
[BlackCountry "ENG"]
[WhiteElo "1652"]
[WhiteRD "55"]
[BlackElo "1321"]
[BlackRD "65"]
[GameID "315616"]

1. e4 c5 2. Nf3 d6 3. d4 cxd4 4. Nxd4 Nf6 5. Nc3 a6 6. Bg5 Nbd7 7. Bc4 h6 8. Be3 Ne5 9. Bb3 Bg4 10. f3 Bc8
11. O-O e6 12. Qe2 Qc7 13. a4 Be7 14. Rad1 O-O 15. h3 Nfd7 16. f4 Ng6 17. f5 exf5 18. exf5 Nge5 19. Nd5 Qd8 20. Qf2 Kh8
21. f6 Nxf6 22. Nxe7 Qxe7 23. Nf5 Bxf5 24. Qxf5 Rac8 25. c3 Ned7 26. Bf4 Nc5 27. Bc2 b5 28. axb5 axb5 29. Rxd6 Nce4 30. Rd4 Nc5
31. Kh1 Ne6 32. Rd6 Nxf4 33. Qxf4 Rc4 34. Qd2 Ne4 35. Qd3 f5 36. Rd7 Qg5 37. Qf3 Ng3+ 38. Kg1 Nxf1 39. Kxf1 Rf4
0-1

[Event "Forza Sicilian!"]
[Site "SchemingMind.com"]
[Date "2012.08.10"]
[Round "-"]
[White "condoritorey"]
[Black "Shanks"]
[Result "1-0"]
[WhiteCountry "CHI"]
[BlackCountry "ENG"]
[WhiteElo "2168"]
[WhiteRD "176"]
[BlackElo "1311"]
[BlackRD "62"]
[GameID "315617"]

1. e4 c5 2. Nf3 d6 3. d4 cxd4 4. Nxd4 Nf6 5. Nc3 a6 6. Bg5 h6 7. Bh4 Nbd7 8. Bc4 e5 9. Nf5 Nb6 10. Bb3 Qc7
11. Bxf6 gxf6 12. Qg4 Bxf5 13. Qxf5 Be7 14. O-O-O Nd7 15. Nd5 O-O-O 16. Nxc7 Kxc7 17. Rd3 Kb8 18. Bxf7 Nc5 19. Rc3 Rhf8 20. Bd5 Nd7
21. Rb3 Nc5 22. Rh3 Rc8 23. Kb1 a5 24. Rxh6
1-0

[Event "Forza Sicilian!"]
[Site "SchemingMind.com"]
[Date "2012.08.11"]
[Round "-"]
[White "Iucounu"]
[Black "Shanks"]
[Result "1/2-1/2"]
[WhiteCountry "ENG"]
[BlackCountry "ENG"]
[WhiteElo "1437"]
[WhiteRD "48"]
[BlackElo "1311"]
[BlackRD "62"]
[GameID "315660"]

1. e4 c5 2. Nf3 d6 3. d4 cxd4 4. Nxd4 Nf6 5. Nc3 a6 6. Bg5 e5 7. Nb3 Be7 8. Bxf6 Bxf6 9. Nd5 Bg5 10. Bd3 O-O
11. O-O Nd7 12. Qg4 Nc5 13. Qe2 Nxd3 14. cxd3 Bh6 15. Ne3 b6 16. Nd5 Bb7 17. Rac1 Bxc1 18. Rxc1 Bxd5 19. exd5 Re8 20. Re1 a5
21. h3 a4 22. Nd2 b5 23. Ne4 f5 24. Nc3 b4 25. Nb1 a3 26. b3 Qf6 27. Qf3 Rab8 28. Nd2 Rbc8 29. Nc4 e4 30. Qg3 Rcd8
31. dxe4 Rxe4 32. f3 Rxe1+ 33. Qxe1 f4 34. Qe6+ Qxe6=
1/2-1/2

[Event "Forza Sicilian!"]
[Site "SchemingMind.com"]
[Date "2012.08.11"]
[Round "-"]
[White "Iucounu"]
[Black "kenneth m day"]
[Result "0-1"]
[WhiteCountry "ENG"]
[BlackCountry "USA"]
[WhiteElo "1437"]
[WhiteRD "48"]
[BlackElo "1721"]
[BlackRD "52"]
[GameID "315661"]

1. e4 c5 2. Nf3 d6 3. d4 cxd4 4. Nxd4 Nf6 5. Nc3 a6 6. Bc4 e6 7. Bg5 Be7 8. O-O b5 9. Bd3 O-O 10. Re1 Bb7
11. a3 Nbd7 12. Nf3 h6 13. Bh4 Nc5 14. b4 Nxd3 15. Qxd3 Qb6 16. e5 dxe5 17. Nxe5 Rfd8 18. Qe3 Qc7 19. Rad1 Rac8 20. Rxd8+ Bxd8
21. Nf3 Qxc3 22. Qxc3 Rxc3
0-1

[Event "Forza Sicilian!"]
[Site "SchemingMind.com"]
[Date "2012.08.11"]
[Round "-"]
[White "Iucounu"]
[Black "kubinet"]
[Result "0-1"]
[WhiteCountry "ENG"]
[BlackCountry "GER"]
[WhiteElo "1474"]
[WhiteRD "56"]
[BlackElo "1454"]
[BlackRD "44"]
[GameID "315662"]

1. e4 c5 2. Nf3 d6 3. d4 cxd4 4. Nxd4 Nf6 5. Nc3 a6 6. Bc4 Qc7 7. Bf4 Qxc4 8. Qd3 Qb4 9. Rb1 g6 10. O-O Nbd7
11. a3 Qa5 12. Nb3 Qb6 13. Qd4 Bg7 14. Qxb6 Nxb6 15. h3 O-O 16. e5 dxe5 17. Bxe5 Be6 18. Nc5 Bc8 19. Rbd1 Nc4 20. Nd3 b5
21. b3 Nxa3 22. Nf4 Nxc2 23. Nfd5 Nxd5 24. Bxg7 Kxg7 25. Nxd5 e6 26. Nb6 Bb7 27. Nd7 Rfd8 28. Rd2 Nb4 29. Rfd1 Nd5 30. Nc5 Bc6
31. b4 a5 32. bxa5 Rxa5 33. Nb3 Raa8 34. Nd4 Be8 35. Ne2 b4 36. Nf4 Bc6 37. Nxd5 Bxd5 38. Rb1 b3 39. Rdb2 Ra2 40. g3 Rxb2
41. Rxb2 Rc8 42. Kf1 Rc2 43. Rb1 b2
0-1

[Event "Forza Sicilian!"]
[Site "SchemingMind.com"]
[Date "2012.08.11"]
[Round "-"]
[White "Iucounu"]
[Black "condoritorey"]
[Result "0-1"]
[WhiteCountry "ENG"]
[BlackCountry "CHI"]
[WhiteElo "1437"]
[WhiteRD "48"]
[BlackElo "2168"]
[BlackRD "176"]
[GameID "315663"]

1. e4 c5 2. Nf3 d6 3. d4 cxd4 4. Nxd4 Nf6 5. Nc3 a6 6. Bc4 e6 7. Bg5 Be7 8. O-O b5 9. Bd3 Bb7 10. Re1 O-O
11. f3 Nc6 12. Nxc6 Bxc6 13. e5 dxe5 14. Bxf6 Bxf6 15. Be4 Qb6+ 16. Kh1 Rfd8 17. Qe2 g6 18. Bxc6 Qxc6 19. Ne4 Bg7 20. c3 Rd5
21. Rac1 Rad8 22. Red1 h6 23. Rxd5 exd5 24. Nf2 d4 25. Qe1 Rc8 26. Ne4 f5 27. Ng3 b4 28. c4 h5 29. b3 a5 30. Ne2 d3
31. Ng3 h4 32. Nf1 e4 33. fxe4 fxe4 34. Qxh4 Re8 35. Qe1 Bc3 36. Rxc3 bxc3 37. Ne3 d2 38. Qb1 Qc5 39. Nd1 Qf5 40. h3 e3
41. Nxc3 Qxb1+
0-1

[Event "Forza Sicilian!"]
[Site "SchemingMind.com"]
[Date "2012.08.11"]
[Round "-"]
[White "Shanks"]
[Black "Iucounu"]
[Result "1-0"]
[WhiteCountry "ENG"]
[BlackCountry "ENG"]
[WhiteElo "1311"]
[WhiteRD "62"]
[BlackElo "1437"]
[BlackRD "48"]
[GameID "315664"]

1. e4 c5 2. Nf3 d6 3. d4 cxd4 4. Nxd4 Nf6 5. Nc3 a6 6. h3 Nc6 7. Nf3 e6 8. Bd3 Be7 9. O-O O-O 10. Be3 b5
11. b4 Nxb4 12. Be2 d5 13. exd5 Nbxd5 14. Nxd5 Qxd5 15. Qxd5 exd5 16. Nd4 Bc5 17. c3 Bb7 18. Nf5 g6 19. Nh6+ Kh8 20. Bxc5 Rfc8
21. Nxf7+ Kg7 22. Nd6 Rxc5 23. Nxb7 Rxc3 24. Bf3 Ne8 25. Bxd5 Rb8 26. Na5 Nf6 27. Bf3 Rbc8 28. Nb7 h5 29. Nd6 Rd8 30. Nb7 Rd7
31. Na5 Nd5 32. Bxd5 Rxd5 33. Rfe1 Rd6 34. Re7+ Kf6 35. Ree1 Rcd3 36. Nb7 Rb6 37. Na5 Kf5 38. Rac1 Rd5 39. Nb3 b4 40. Na1 a5
41. Nc2 Rc6 42. Ne3+
1-0

[Event "Forza Sicilian!"]
[Site "SchemingMind.com"]
[Date "2012.08.11"]
[Round "-"]
[White "kenneth m day"]
[Black "Iucounu"]
[Result "1-0"]
[WhiteCountry "USA"]
[BlackCountry "ENG"]
[WhiteElo "1721"]
[WhiteRD "52"]
[BlackElo "1437"]
[BlackRD "48"]
[GameID "315665"]

1. e4 c5 2. Nf3 d6 3. d4 cxd4 4. Nxd4 Nf6 5. Nc3 a6 6. f3 Nc6 7. Be3 g6 8. Qd2 Bg7 9. O-O-O Nxd4 10. Bxd4 O-O
11. g4 e5 12. Be3 Be6 13. h4 d5 14. exd5 Nxd5 15. Nxd5 Bxd5 16. Qxd5 Qxd5 17. Rxd5 Rfd8 18. Bc4 b5 19. Bb3 Rxd5 20. Bxd5 Rd8
21. Rd1 h6 22. Bxf7+
1-0

[Event "Forza Sicilian!"]
[Site "SchemingMind.com"]
[Date "2012.08.11"]
[Round "-"]
[White "kubinet"]
[Black "Iucounu"]
[Result "1-0"]
[WhiteCountry "GER"]
[BlackCountry "ENG"]
[WhiteElo "1652"]
[WhiteRD "55"]
[BlackElo "1450"]
[BlackRD "53"]
[GameID "315666"]

1. e4 c5 2. Nf3 d6 3. d4 cxd4 4. Nxd4 Nf6 5. Nc3 a6 6. Bg5 h6 7. Bxf6 exf6 8. Bc4 Nc6 9. O-O Nxd4 10. Qxd4 Be6
11. Rad1 Bxc4 12. Qxc4 Be7 13. Nd5 O-O 14. Qd4 Re8 15. f3 Qa5 16. a3 Kf8 17. Nxe7 Rxe7 18. Qxd6 Qe5 19. c3 Qxd6 20. Rxd6 b5
21. Rfd1 Kg8 22. Kf2 Re6 23. Rd8+ Rxd8 24. Rxd8+ Kh7 25. Rd7 Kg6 26. b3 Rc6 27. Rd3 h5 28. h3 f5 29. Ke3 fxe4 30. Kxe4 Re6+
31. Kd5 Kf6 32. c4 Re5+ 33. Kc6 Re6+ 34. Kc5 Kf5 35. cxb5 Re5+ 36. Rd5 axb5 37. Rxe5+ Kf6 38. Rxh5
1-0

[Event "Forza Sicilian!"]
[Site "SchemingMind.com"]
[Date "2012.08.11"]
[Round "-"]
[White "condoritorey"]
[Black "Iucounu"]
[Result "1-0"]
[WhiteCountry "CHI"]
[BlackCountry "ENG"]
[WhiteElo "2168"]
[WhiteRD "176"]
[BlackElo "1437"]
[BlackRD "48"]
[GameID "315667"]

1. e4 c5 2. Nf3 d6 3. d4 cxd4 4. Nxd4 Nf6 5. Nc3 a6 6. Bg5 h6 7. Bh4 Nc6 8. Be2 Nxd4 9. Qxd4 e5 10. Qd2 Be7
11. O-O O-O 12. f4 Nd7 13. Bxe7 Qxe7 14. Nd5 Qd8 15. f5 Nf6 16. Bf3 Nxd5 17. Qxd5 Qe7 18. Bh5 Rb8 19. f6 Qe6 20. Qd2 b5
21. Rf3 Bb7 22. fxg7 Kxg7 23. Qe3 d5 24. Rg3+ Kh7 25. Bf3 d4 26. Qe2 Rg8 27. Bg4 Qc6 28. Bf5+ Kh8 29. Rh3 Rg5 30. Rh5 Rbg8
31. Rxg5 Rxg5 32. Rf1 f6 33. h4 Rg7 34. Qd2 Kg8 35. Qxh6 Kf7 36. Qd2 Bc8 37. Qf2 Bxf5 38. Qxf5 Qe6 39. Kh2 Qxf5 40. Rxf5 Kg6
41. g4 Kf7 42. Kg3 Ke6 43. g5 Rg6 44. Rxf6+ Rxf6 45. gxf6 Kxf6 46. Kg4 a5 47. h5
1-0

[Event "Forza Sicilian!"]
[Site "SchemingMind.com"]
[Date "2012.08.11"]
[Round "-"]
[White "krzysztof"]
[Black "Shanks"]
[Result "1-0"]
[WhiteCountry "POL"]
[BlackCountry "ENG"]
[WhiteElo "1608"]
[WhiteRD "75"]
[BlackElo "1311"]
[BlackRD "62"]
[GameID "315688"]

1. e4 c5 2. Nf3 d6 3. d4 cxd4 4. Nxd4 Nf6 5. Nc3 a6 6. Bc4 e6 7. O-O Nbd7 8. Qf3 h6 9. Re1 e5 10. Nf5 Nb6
11. Bb3 Bd7 12. Rd1 Bxf5 13. exf5 Be7 14. Qxb7 O-O 15. Qf3 Nbd7 16. Qg3 Nc5 17. Bxh6 Nh5 18. Qg4 Nxb3 19. axb3 Bf6 20. Ne4 Nf4
21. Nxf6+ Qxf6 22. Bxf4 exf4 23. Qxf4 Rfd8 24. c3 d5 25. Ra5 Rab8 26. b4 Rbc8 27. Raxd5 Rxd5 28. Rxd5 Re8 29. h3 Re1+ 30. Kh2 Re8
31. Qd2 Rf8 32. c4 Qc6 33. b5 axb5 34. cxb5 Qc7+ 35. g3 Qc8 36. b6 f6 37. Rd7 Qb8 38. Qd5+ Kh7 39. b7
1-0

[Event "Forza Sicilian!"]
[Site "SchemingMind.com"]
[Date "2012.08.08"]
[Round "-"]
[White "krzysztof"]
[Black "kenneth m day"]
[Result "0-1"]
[WhiteCountry "POL"]
[BlackCountry "USA"]
[WhiteElo "1608"]
[WhiteRD "75"]
[BlackElo "1721"]
[BlackRD "52"]
[GameID "315689"]

1. e4 c5 2. Nf3 d6 3. d4 cxd4 4. Nxd4 Nf6 5. Nc3 a6 6. Nf5 e6 7. Ng3 Be7 8. Bd3 Nc6 9. Be3 O-O 10. Qd2 b5
11. a3 Ng4 12. e5 Ncxe5 13. f3 Nxe3 14. Qxe3 Nxd3+ 15. cxd3 Bb7 16. O-O Rc8 17. Kh1 d5 18. Nce2 Bc5 19. Qe5 Bd6 20. Qh5 Qf6
21. b4 h6 22. f4 Rc2 23. f5 exf5 24. Rae1 Qg6 25. Rxf5 Qxh5 26. Rxh5 Re8 27. Rf5 Bxg3 28. hxg3 Rexe2 29. Ref1 f6 30. g4 d4
31. g5 Bxg2+ 32. Kg1 Bxf1 33. Rxf1 Rg2+ 34. Kh1 Rh2+ 35. Kg1 Rcg2#
0-1

[Event "Forza Sicilian!"]
[Site "SchemingMind.com"]
[Date "2012.08.12"]
[Round "-"]
[White "krzysztof"]
[Black "Iucounu"]
[Result "1-0"]
[WhiteCountry "POL"]
[BlackCountry "ENG"]
[WhiteElo "1624"]
[WhiteRD "77"]
[BlackElo "1384"]
[BlackRD "49"]
[GameID "315690"]

1. e4 c5 2. Nf3 d6 3. d4 cxd4 4. Nxd4 Nf6 5. Nc3 a6 6. Bd3 Nc6 7. Nf5 e6 8. Ng3 Ne5 9. O-O Nxd3 10. Qxd3 d5
11. e5 Nd7 12. f4 Nc5 13. Qf3 Be7 14. f5 Bh4 15. fxe6 Bxe6 16. Nf5 Bxf5 17. Qxf5 O-O 18. Qg4 Be7 19. Bh6 Qc8 20. Qxg7#
1-0

[Event "Forza Sicilian!"]
[Site "SchemingMind.com"]
[Date "2012.08.12"]
[Round "-"]
[White "krzysztof"]
[Black "kubinet"]
[Result "0-1"]
[WhiteCountry "POL"]
[BlackCountry "GER"]
[WhiteElo "1563"]
[WhiteRD "75"]
[BlackElo "1652"]
[BlackRD "55"]
[GameID "315691"]

1. e4 c5 2. Nf3 d6 3. d4 cxd4 4. Nxd4 Nf6 5. Nc3 a6 6. g3 e5 7. Nf3 Be7 8. Bg2 Be6 9. O-O O-O 10. Ng5 Nc6
11. Nxe6 fxe6 12. f4 exf4 13. Bxf4 Qc7 14. a3 Rad8 15. b4 Nxb4 16. axb4 Qxc3 17. Bd2 Qd4+ 18. Kh1 Nxe4 19. Bxe4 Qxe4+ 20. Kg1 e5
21. c3 d5 22. Qh5 d4 23. c4 Bf6 24. b5 axb5 25. cxb5 Qd3 26. Bb4 Rfe8 27. b6 Re6 28. Bc5 e4 29. Ra4 e3 30. Re1 e2
31. Ra3 Qd2 32. Kf2 d3 33. Qf3 Bc3 34. Rxc3 Rf6 35. Be7 Rxf3+ 36. Kxf3 Qxe1 37. Bxd8 Qf1+ 38. Ke3 e1=Q+ 39. Kd4 d2 40. Rc8 d1=Q+
41. Kc5 Qc3#
0-1

[Event "Forza Sicilian!"]
[Site "SchemingMind.com"]
[Date "2012.08.12"]
[Round "-"]
[White "krzysztof"]
[Black "condoritorey"]
[Result "0-1"]
[WhiteCountry "POL"]
[BlackCountry "CHI"]
[WhiteElo "1608"]
[WhiteRD "75"]
[BlackElo "2168"]
[BlackRD "176"]
[GameID "315692"]

1. e4 c5 2. Nf3 d6 3. d4 cxd4 4. Nxd4 Nf6 5. Nc3 a6 6. Be3 e5 7. Nf5 Bxf5 8. exf5 d5 9. Bg5 d4 10. Ne2 Be7
11. Ng3 h6 12. Bd2 Nbd7 13. Bd3 Rc8 14. Qf3 Qb6 15. O-O Nc5 16. Ne4 Nxd3 17. cxd3 Rc2 18. Nxf6+ Bxf6 19. Bc1 O-O 20. Re1 Rfc8
21. Bxh6 gxh6 22. h3 Rxb2 23. Re4 Rb1+ 24. Rxb1 Qxb1+ 25. Kh2 Kf8 26. Qh5 Qc1 27. f4 Bg7 28. fxe5 Qg5 29. Qf3 Rc5 30. f6 Rxe5
31. fxg7+ Qxg7 32. Rg4 Rg5 33. Qxb7 Rxg4 34. Qc8+ Ke7 35. hxg4 Qe5+ 36. g3 Qe2+ 37. Kh3 Qf1+ 38. Kh2 Qxd3 39. Qc5+ Kf6 40. Qc1 Qe3
41. Qxe3 dxe3 42. Kg2 Kg5 43. Kf3 a5 44. Kxe3 Kxg4 45. Kf2 a4 46. Kg2 h5 47. Kf2 a3 48. Kg2 f5 49. Kf2 f4 50. gxf4 Kxf4
51. Kg2 Ke3 52. Kg3 Kd2 53. Kh4 Kc2 54. Kxh5 Kb2 55. Kg4 Kxa2 56. Kf3 Kb2 57. Ke2 a2 58. Kd2 a1=Q 59. Kd3 Qa4 60. Kd2 Qe4
61. Kd1 Kc3 62. Kc1 Qc2#
0-1

[Event "Forza Sicilian!"]
[Site "SchemingMind.com"]
[Date "2012.08.12"]
[Round "-"]
[White "Shanks"]
[Black "krzysztof"]
[Result "1/2-1/2"]
[WhiteCountry "ENG"]
[BlackCountry "POL"]
[WhiteElo "1311"]
[WhiteRD "62"]
[BlackElo "1608"]
[BlackRD "75"]
[GameID "315693"]

1. e4 c5 2. Nf3 d6 3. d4 cxd4 4. Nxd4 Nf6 5. Nc3 a6 6. h3 e5 7. Nf3 Nc6 8. a3 Be6 9. Bd3 h6 10. O-O Qd7
11. Be3 d5 12. exd5 Nxd5 13. Nxd5 Bxd5 14. Nh2 Nd4 15. Bxd4 exd4 16. Re1+ Be7 17. c3 O-O 18. cxd4 Bc6 19. Bf1 Rfe8 20. b4 b5
21. Ng4 Bh4 22. Rxe8+ Rxe8 23. Ra2 Bd5 24. Re2 Rxe2 25. Bxe2 Qf5 26. Qf1 Be7 27. Ne3 Qe4 28. Nxd5=
1/2-1/2

[Event "Forza Sicilian!"]
[Site "SchemingMind.com"]
[Date "2012.08.08"]
[Round "-"]
[White "kenneth m day"]
[Black "krzysztof"]
[Result "1-0"]
[WhiteCountry "USA"]
[BlackCountry "POL"]
[WhiteElo "1775"]
[WhiteRD "51"]
[BlackElo "1624"]
[BlackRD "77"]
[GameID "315694"]

1. e4 c5 2. Nf3 d6 3. d4 cxd4 4. Nxd4 Nf6 5. Nc3 a6 6. f3 e5 7. Nb3 Nh5 8. Be3 Qh4+ 9. Bf2 Qg5 10. Nd5 Qd8
11. Bc4 Be6 12. Qe2 Nf4 13. Nxf4 exf4 14. Bd4 Qc7 15. Bxe6 fxe6 16. O-O e5 17. Bc3 Nc6 18. Qc4 O-O-O 19. Rfd1 h5 20. Qd5 g5
21. Qe6+ Kb8 22. Qc4 h4 23. Rd5 h3 24. Na5 hxg2 25. Nxc6+ bxc6 26. Ba5 Qb7 27. Rd2 Rd7 28. Rxg2 Qxb2 29. Bc3 Qa3 30. Qxc6 Rb7
31. Qe8+ Ka7 32. Be1 a5 33. Bf2+ Ka6 34. Qc6+ Rb6 35. Qxb6#
1-0

[Event "Forza Sicilian!"]
[Site "SchemingMind.com"]
[Date "2012.08.12"]
[Round "-"]
[White "Iucounu"]
[Black "krzysztof"]
[Result "0-1"]
[WhiteCountry "ENG"]
[BlackCountry "POL"]
[WhiteElo "1384"]
[WhiteRD "49"]
[BlackElo "1624"]
[BlackRD "77"]
[GameID "315695"]

1. e4 c5 2. Nf3 d6 3. d4 cxd4 4. Nxd4 Nf6 5. Nc3 a6 6. Bd3 e5 7. Nf5 g6 8. Ne3 Bg7 9. Ncd5 O-O 10. O-O b5
11. Qf3 Be6 12. c4 bxc4 13. Nxf6+ Bxf6 14. Bxc4 Bg5 15. Bxe6 fxe6 16. Rd1 Rxf3 17. gxf3 Bf4 18. Nc4 Qg5+ 19. Kf1 Qd8 20. Bxf4 exf4
21. Rxd6 Qc7 22. Rc1 Ra7 23. Rdd1 Nd7 24. Na3 Qb6 25. Rc8+ Kg7 26. b3 Qa5
0-1